| 000 | 00680nam1a22002531 4500 | ||
|---|---|---|---|
| 001 | RU\NLR\INFOCOMM10\ROSSICA\1000070979 | ||
| 005 | 20240725042646.0 | ||
| 035 | _a(NLR Aleph) 009954031 | ||
| 090 |
_a10793317 _c10793317 |
||
| 100 | _a20031009d1925 |||y0rusy50 ba | ||
| 101 | 1 | _apol | |
| 102 | _aRU | ||
| 105 | _ay ||||000ay | ||
| 200 | 1 |
_aGramatyka polska w ćwiczeniach _fSzober, St. _gUlożyła U.Stefańska |
|
| 210 |
_aMoskwa _d1925 |
||
| 215 | _d8° | ||
| 700 | 1 |
_aSzober _bS. _gSt. _4070 |
|
| 702 | 1 |
_aStefańska _bU. _4220 |
|
| 801 | 1 |
_aRU _bInfoComm _c20031009 |
|
| 801 | 0 |
_aRU _bNLR _gPSBO |
|
| 852 |
_aNLR _j26.21.4.199 |
||
| 942 | _cBOOK | ||
| 980 | _aRossica | ||